00228nam a2200085Ia 4500008004100000082001400041100002100055245005800076300000800134210430s9999 xx 000 0 und d a985 M236M aBrig S. K. Malik 4aThe Muslim COnquest Of Central AsiacBrig S. K. Malik a118